[Event "Politiken Cup 30th"]
[Site "Helsingor"]
[Date "2008.07.24"]
[Round "7"]
[White "Dvoretska, Olena"]
[Black "Svanholm, Borge Waaktaar"]
[Result "1-0"]
[WhiteElo "2156"]
[BlackElo "2003"]
[PlyCount "91"]
[EventDate "2008.07.19"]
[EventType "swiss"]
[EventRounds "10"]
[EventCountry "DEN"]
[SourceTitle "CBM 125 Extra"]
[Source "ChessBase"]
[SourceDate "2008.09.01"]
[SourceVersion "1"]
[SourceVersionDate "2008.09.01"]
[SourceQuality "1"]

1. d4 Nf6 2. c4 g6 3. Nc3 Bg7 4. e4 d6 5. f4 0-0 6. Nf3 c5 7. d5 e6 8. Be2 exd5 9. cxd5 Bg4 10. 0-0 Nbd7 11. h3 Bxf3 12. Bxf3 Re8 13. Re1 a6 14. a4 Rb8 15. a5 b5 16. axb6 Rxb6 17. Re2 Qc7 18. Qa4 h6 19. Qc4 Qc8 20. Be3 Rf8 21. Bf2 Ne8 22. Bg3 Nc7 23. e5 dxe5 24. fxe5 Re8 25. Bg4 Rb4 26. Bxd7 Rxc4 27. Bxc8 Rxc8 28. d6 Ne6 29. Nd5 Rb8 30. Rxa6 Rd4 31. Ne7+ Kh7 32. Ra7 Rd1+ 33. Kh2 Rf8 34. Rf2 h5 35. Nc6 Kg8 36. Rc2 Bh6 37. Bf2 Bg5 38. h4 Bf4+ 39. g3 Bxe5 40. Nxe5 Rxd6 41. Bxc5 Nxc5 42. Rxc5 Rd2+ 43. Kg1 Rxb2 44. Rcc7 Rd8 45. Rxf7 Rd1+ 46. Rf1 1-0

[Event "Politiken Cup 30th"]
[Site "Helsingor"]
[Date "2008.07.22"]
[Round "5"]
[White "Dvoretska, Olena"]
[Black "Botheim, Tor"]
[Result "1-0"]
[WhiteElo "2156"]
[BlackElo "1964"]
[PlyCount "61"]
[EventDate "2008.07.19"]
[EventType "swiss"]
[EventRounds "10"]
[EventCountry "DEN"]
[SourceTitle "CBM 125 Extra"]
[Source "ChessBase"]
[SourceDate "2008.09.01"]
[SourceVersion "1"]
[SourceVersionDate "2008.09.01"]
[SourceQuality "1"]

1. d4 Nf6 2. c4 g6 3. Nc3 Bg7 4. e4 d6 5. f4 0-0 6. Nf3 c5 7. d5 e6 8. Be2 exd5 9. cxd5 Re8 10. e5 dxe5 11. fxe5 Ng4 12. 0-0 Nxe5 13. Bf4 Nbd7 14. d6 Nxf3+ 15. Bxf3 Ne5 16. Nb5 Nxf3+ 17. Qxf3 Rf8 18. Nc7 Rb8 19. Rae1 b5 20. Re7 Bb7 21. Qg3 Bf6 22. Rfe1 Bc6 23. Bh6 Bxe7 24. dxe7 Qd4+ 25. Be3 Qxb2 26. exf8Q+ Rxf8 27. Bxc5 Rd8 28. Bf2 Qxa2 29. Qc3 Qc4 30. Qf6 Rd2 31. Ne8 1-0

[Event "Kharkov Rector Cup (Women) 10th"]
[Site "Kharkov"]
[Date "2008.03.02"]
[Round "6"]
[White "Karlovich, Anastazia"]
[Black "Dvoretska, Olena"]
[Result "1-0"]
[WhiteElo "2198"]
[BlackElo "2164"]
[PlyCount "95"]
[EventDate "2008.02.27"]
[EventType "tourn"]
[EventRounds "9"]
[EventCountry "UKR"]
[SourceTitle "CBM 123 Extra"]
[Source "ChessBase"]
[SourceDate "2008.05.06"]
[SourceVersion "1"]
[SourceVersionDate "2008.05.06"]
[SourceQuality "1"]

1. e4 c5 2. Nf3 e6 3. c3 d5 4. exd5 Qxd5 5. d4 Nf6 6. Na3 Qd8 7. Bf4 cxd4 8. Nxd4 a6 9. Qb3 Nbd7 10. Nc4 Nc5 11. Qb6 Nd5 12. Nd6+ Bxd6 13. Qxd8+ Kxd8 14. Bxd6 Ne4 15. Ba3 Kc7 16. c4 Nf4 17. f3 Rd8 18. Nc2 Nd2 19. Rd1 Nxf1 20. Rxd8 Kxd8 21. Kxf1 e5 22. g3 Ng6 23. Kf2 Be6 24. b3 Ke8 25. Re1 Rd8 26. Bb4 f6 27. Re2 Kf7 28. Ne3 Rd3 29. Nf1 h5 30. Nd2 Bf5 31. Ne4 Bxe4 32. Rxe4 Rd2+ 33. Re2 Rd7 34. Bc5 Ne7 35. Be3 Nf5 36. Rd2 Nd4 37. Bxd4 exd4 38. Ke2 Re7+ 39. Kd3 Rd7 40. Ke4 Ke6 41. Rxd4 f5+ 42. Ke3 Rc7 43. Kf4 b5 44. h4 Rc8 45. Rd5 Rf8 46. Re5+ Kd6 47. cxb5 axb5 48. Rxb5 1-0

[Event "Kharkov Rector Cup (Women) 10th"]
[Site "Kharkov"]
[Date "2008.02.29"]
[Round "4"]
[White "Dvoretska, Olena"]
[Black "Sukandar, Irine Kharisma"]
[Result "0-1"]
[WhiteElo "2164"]
[BlackElo "2266"]
[PlyCount "78"]
[EventDate "2008.02.27"]
[EventType "tourn"]
[EventRounds "9"]
[EventCountry "UKR"]
[SourceTitle "CBM 123 Extra"]
[Source "ChessBase"]
[SourceDate "2008.05.06"]
[SourceVersion "1"]
[SourceVersionDate "2008.05.06"]
[SourceQuality "1"]

1. d4 d5 2. c4 e6 3. Nf3 Nf6 4. Nc3 Nbd7 5. Bg5 c6 6. e3 Qa5 7. Nd2 Bb4 8. Qc2 c5 9. Bxf6 Nxf6 10. Nb3 Qc7 11. cxd5 cxd4 12. Nxd4 Nxd5 13. Bb5+ Bd7 14. 0-0 Bxc3 15. Bxd7+ Qxd7 16. bxc3 Rc8 17. Ne2 0-0 18. Rfd1 Qc6 19. Rac1 b5 20. Rd4 Nb6 21. Rh4 h6 22. Nd4 Qc5 23. Qe2 a6 24. Qg4 Kh8 25. Qh3 Rfd8 26. g4 Kg8 27. f4 Qa3 28. Nb3 Qxa2 29. Nd4 Rxc3 30. Rxc3 Qa1+ 31. Kf2 Qxc3 32. g5 Nc4 33. gxh6 Nxe3 34. h7+ Kh8 35. Qxe3 Qxd4 36. Qxd4 Rxd4 37. Ke3 Rd5 38. Ke4 a5 39. f5 Rxf5 0-1

[Event "Kharkov Rector Cup (Women) 10th"]
[Site "Kharkov"]
[Date "2008.02.29"]
[Round "3"]
[White "Shapoval, Galina"]
[Black "Dvoretska, Olena"]
[Result "1-0"]
[WhiteElo "2216"]
[BlackElo "2164"]
[PlyCount "61"]
[EventDate "2008.02.27"]
[EventType "tourn"]
[EventRounds "9"]
[EventCountry "UKR"]
[SourceTitle "CBM 123 Extra"]
[Source "ChessBase"]
[SourceDate "2008.05.06"]
[SourceVersion "1"]
[SourceVersionDate "2008.05.06"]
[SourceQuality "1"]

1. e4 c5 2. Nf3 e6 3. d4 cxd4 4. Nxd4 a6 5. Be2 Nf6 6. Nc3 Bb4 7. 0-0 Bxc3 8. bxc3 Nxe4 9. Bd3 Nf6 10. Ba3 d6 11. Qf3 0-0 12. Qg3 e5 13. Nf5 Bxf5 14. Bxf5 Qc7 15. Rad1 Rd8 16. Bxd6 Qb6 17. Bxe5 Nh5 18. Bc7 Rxd1 19. Rxd1 Qf6 20. Qd3 Nc6 21. Bxh7+ Kh8 22. Be4 g6 23. Qf3 Rc8 24. Rd7 Kg7 25. Bxc6 Qe6 26. Qe4 Qxa2 27. Qd4+ Nf6 28. Bf3 Qe6 29. Be5 Rc4 30. Bxf6+ Kh7 31. Re7 1-0

[Event "Kharkov Rector Cup (Women) 10th"]
[Site "Kharkov"]
[Date "2008.02.27"]
[Round "1"]
[White "Borisova, Elizaveta"]
[Black "Dvoretska, Olena"]
[Result "1/2-1/2"]
[WhiteElo "2305"]
[BlackElo "2164"]
[PlyCount "111"]
[EventDate "2008.02.27"]
[EventType "tourn"]
[EventRounds "9"]
[EventCountry "UKR"]
[SourceTitle "CBM 123 Extra"]
[Source "ChessBase"]
[SourceDate "2008.05.06"]
[SourceVersion "1"]
[SourceVersionDate "2008.05.06"]
[SourceQuality "1"]

1. d4 Nf6 2. c4 g6 3. Nc3 d5 4. Nf3 Bg7 5. Qb3 dxc4 6. Qxc4 c6 7. Bf4 b5 8. Qb3 Be6 9. Qc2 b4 10. Na4 0-0 11. e3 Bd5 12. Bd3 Qa5 13. b3 Bxf3 14. gxf3 Qd5 15. Be4 Nxe4 16. fxe4 Qh5 17. Qe2 Qh3 18. Rc1 Qg2 19. Kd2 Qxe4 20. Nc5 Qf5 21. Qd3 Qh3 22. Rhg1 Nd7 23. Qe4 Nxc5 24. Rxc5 Qh4 25. Qf3 e5 26. Bxe5 Bxe5 27. Rxe5 Kh8 28. h3 f5 29. Rc5 f4 30. e4 Rad8 31. Rc4 Qf6 32. Qd3 a5 33. e5 Qe6 34. Rgc1 Rc8 35. h4 Rfd8 36. Qe4 f3 37. Ke3 Rd5 38. Qxf3 c5 39. Qf6+ Qxf6 40. exf6 cxd4+ 41. Ke4 Rxc4 42. Rxc4 Rd8 43. Rxd4 Re8+ 44. Kf4 Kg8 45. Rd7 Re6 46. Kg5 Re5+ 47. Kg4 Rf5 48. Rg7+ Kh8 49. Rf7 Kg8 50. Rg7+ Kh8 51. Ra7 Rxf6 52. f4 Rf5 53. Kf3 Kg8 54. Ke4 Rh5 55. Ke3 Kf8 56. Kf3 1/2-1/2

[Event "Kharkov op"]
[Site "Kharkov"]
[Date "2007.10.21"]
[Round "1"]
[White "Dvoretska, Olena"]
[Black "Malakhova, Elizaveta"]
[Result "0-1"]
[WhiteElo "2167"]
[BlackElo "2111"]
[PlyCount "122"]
[EventDate "2007.10.21"]
[EventType "swiss"]
[EventRounds "11"]
[EventCountry "UKR"]
[SourceTitle "EXT 2009"]
[Source "ChessBase"]
[SourceDate "2008.11.26"]
[SourceVersion "1"]
[SourceVersionDate "2008.11.26"]
[SourceQuality "1"]

1. c4 Nf6 2. Nf3 d6 3. g3 g6 4. Bg2 Bg7 5. Nc3 0-0 6. 0-0 e5 7. d3 Nbd7 8. Rb1 c6 9. Nd2 Ne8 10. b4 Qc7 11. Qc2 f5 12. b5 Nc5 13. bxc6 bxc6 14. Nb3 Nb7 15. Bd2 Nf6 16. Qc1 Re8 17. Qa3 Bd7 18. Rfd1 a5 19. Na4 Ra6 20. e3 g5 21. d4 e4 22. Bf1 Ra7 23. Nc1 h5 24. Qb3 Rea8 25. Ne2 h4 26. Rdc1 hxg3 27. hxg3 Qd8 28. Nb6 Rb8 29. Nxd7 Nxd7 30. Qa4 Rc8 31. Bg2 Qe8 32. Kf1 Qh5 33. Bc3 Nf6 34. Rb6 Nd8 35. Rcb1 Raa8 36. Bxa5 f4 37. exf4 gxf4 38. Nxf4 Qxa5 39. Qc2 Qxa2 40. R6b2 Qa4 41. Qc1 d5 42. Bh3 Rc7 43. cxd5 Qxd4 44. Rd2 Qe5 45. d6 Rca7 46. Qc4+ Kh7 47. Kg2 Ra4 48. Qb3 Ra3 49. Qc2 Rc3 50. Bf5+ Kg8 51. Qb2 e3 52. Re2 Qxf5 53. Qxc3 Qxb1 54. Rxe3 Ra1 55. Qc4+ Nf7 56. Kf3 Qh1+ 57. Ng2 Qd1+ 58. Re2 Ra3+ 59. Ne3 Qh1+ 60. Kf4 Nd5+ 61. Kg4 Ne5+ 0-1

[Event "Kharkov Rector Cup (Women) 9th"]
[Site "Kharkov"]
[Date "2007.03.24"]
[Round "8"]
[White "Doluhanova, Evgeniya"]
[Black "Dvoretska, Olena"]
[Result "1/2-1/2"]
[WhiteElo "2195"]
[BlackElo "2164"]
[PlyCount "102"]
[EventDate "2007.03.18"]
[EventType "tourn"]
[EventRounds "11"]
[EventCountry "UKR"]
[SourceTitle "CBM 117 Extra"]
[Source "ChessBase"]
[SourceDate "2007.05.09"]
[SourceVersion "1"]
[SourceVersionDate "2007.05.09"]
[SourceQuality "1"]

1. e4 c5 2. Nf3 e6 3. d4 cxd4 4. Nxd4 a6 5. Bd3 Qc7 6. 0-0 Nf6 7. Qe2 d6 8. c4 g6 9. Nc3 Bg7 10. Nf3 0-0 11. h3 Nc6 12. Bg5 h6 13. Be3 Bd7 14. Rac1 Ne5 15. Rfd1 Rac8 16. b3 Nxf3+ 17. Qxf3 Kh7 18. Qe2 e5 19. b4 Be6 20. Na4 Nd7 21. Qd2 Rfd8 22. f3 Ra8 23. Qf2 Rf8 24. Bf1 Rfe8 25. a3 Rg8 26. Nb6 Nxb6 27. Bxb6 Qe7 28. Qd2 Bf8 29. a4 f5 30. a5 Qh4 31. Bf2 Qf6 32. b5 Rd8 33. bxa6 bxa6 34. c5 Bb3 35. c6 Bxd1 36. c7 Ba4 37. cxd8Q Qxd8 38. Bxa6 fxe4 39. fxe4 h5 40. Qb4 Bd7 41. Qb7 Rg7 42. Rc7 Kh8 43. Bb5 Bc6 44. Rc8 Rxb7 45. Rxd8 Bxb5 46. Rxf8+ Kg7 47. Rd8 Bd3 48. Rxd6 Rb1+ 49. Kh2 Bxe4 50. Rd2 Ra1 51. Re2 Ra4 1/2-1/2

[Event "Kharkov Rector Cup (Women) 9th"]
[Site "Kharkov"]
[Date "2007.03.19"]
[Round "2"]
[White "Dvoretska, Olena"]
[Black "Maiko, Alina"]
[Result "1/2-1/2"]
[WhiteElo "2164"]
[BlackElo "2075"]
[PlyCount "80"]
[EventDate "2007.03.18"]
[EventType "tourn"]
[EventRounds "11"]
[EventCountry "UKR"]
[SourceTitle "CBM 117 Extra"]
[Source "ChessBase"]
[SourceDate "2007.05.09"]
[SourceVersion "1"]
[SourceVersionDate "2007.05.09"]
[SourceQuality "1"]

1. c4 c5 2. Nc3 Nf6 3. g3 Nc6 4. Bg2 g6 5. Nf3 Bg7 6. d3 d5 7. cxd5 Nxd5 8. Nxd5 Qxd5 9. 0-0 Qd6 10. Rb1 0-0 11. Bd2 Be6 12. a3 c4 13. Bf4 Qd8 14. dxc4 Bf5 15. Ra1 Bxb2 16. Ra2 Bg7 17. Qc1 Rc8 18. Bh6 Na5 19. Bxg7 Kxg7 20. Rd1 Qc7 21. Nd4 Bd7 22. Qb2 e5 23. Nb5 Bxb5 24. cxb5 Rfd8 25. Raa1 Rxd1+ 26. Rxd1 Qc3 27. Qb4 Rc7 28. b6 axb6 29. Qxb6 Qc5 30. Qxc5 Rxc5 31. h4 Rc7 32. a4 Nc6 33. e3 Re7 34. Bxc6 bxc6 35. Rd6 Ra7 36. Rxc6 Rxa4 37. Rc5 f6 38. Rc7+ Kg8 39. Kg2 h5 40. Rb7 Rc4 1/2-1/2

[Event "Kharkov Femida (Women)"]
[Site "Kharkov"]
[Date "2006.11.08"]
[Round "11"]
[White "Golubenko, Valentina"]
[Black "Dvoretska, Olena"]
[Result "1/2-1/2"]
[WhiteElo "2236"]
[BlackElo "2153"]
[PlyCount "79"]
[EventDate "2006.10.31"]
[EventType "tourn"]
[EventRounds "11"]
[EventCountry "UKR"]
[SourceTitle "EXT 2007"]
[Source "ChessBase"]
[SourceDate "2006.11.23"]
[SourceVersion "1"]
[SourceVersionDate "2006.11.23"]
[SourceQuality "1"]

1. d4 Nf6 2. c4 g6 3. Nc3 d5 4. cxd5 Nxd5 5. e4 Nxc3 6. bxc3 Bg7 7. Bc4 c5 8. Ne2 0-0 9. 0-0 Nc6 10. Be3 Bd7 11. Qd2 Rc8 12. Bd3 e6 13. Rab1 Na5 14. Bh6 b6 15. e5 cxd4 16. cxd4 Bc6 17. Bxg7 Kxg7 18. Qf4 f6 19. Qg3 f5 20. Nf4 Kf7 21. Rfd1 Bd5 22. Nxd5 Qxd5 23. a4 Rc3 24. Qh4 Kg8 25. Be2 Qd8 26. Qf4 Nb3 27. d5 Nc5 28. Qb4 Rc2 29. dxe6 Qg5 30. e7 Qxe7 31. Bd3 a5 32. Qd4 Nxd3 33. Rxd3 Qc5 34. Qxc5 Rxc5 35. e6 Rc6 36. Re1 Re8 37. e7 Kf7 38. Rd7 Rc4 39. Rb7 Rxa4 40. Rxb6 1/2-1/2

[Event "Kharkov Femida (Women)"]
[Site "Kharkov"]
[Date "2006.11.01"]
[Round "2"]
[White "Moskalets, Svetlana"]
[Black "Dvoretska, Olena"]
[Result "1/2-1/2"]
[WhiteElo "2173"]
[BlackElo "2153"]
[PlyCount "74"]
[EventDate "2006.10.31"]
[EventType "tourn"]
[EventRounds "11"]
[EventCountry "UKR"]
[SourceTitle "EXT 2007"]
[Source "ChessBase"]
[SourceDate "2006.11.23"]
[SourceVersion "1"]
[SourceVersionDate "2006.11.23"]
[SourceQuality "1"]

1. e4 c5 2. Nf3 e6 3. d4 cxd4 4. Nxd4 Nf6 5. Bd3 Nc6 6. Nxc6 dxc6 7. 0-0 e5 8. Kh1 Bc5 9. Qe2 Ng4 10. Be3 Qh4 11. h3 Bxe3 12. fxe3 Nf6 13. Qf2 Qxf2 14. Rxf2 Nd7 15. Nd2 f6 16. Nc4 Ke7 17. Rd1 Nc5 18. Rfd2 Be6 19. Na5 Bc8 20. c3 Rd8 21. Bc2 Rxd2 22. Rxd2 Rb8 23. b4 Ne6 24. Nc4 b6 25. Nd6 g6 26. Nxc8+ Rxc8 27. Kg1 b5 28. Kf2 a5 29. h4 axb4 30. cxb4 Nd8 31. Kf3 Ra8 32. Bb3 Nb7 33. g4 Nd6 34. h5 g5 35. Rc2 Rc8 36. a4 bxa4 37. Bxa4 Kd7 1/2-1/2

[Event "Kharkov Rector Cup (Women) 8th"]
[Site "Kharkov"]
[Date "2006.04.02"]
[Round "6"]
[White "Arutyunova, Diana"]
[Black "Dvoretska, Olena"]
[Result "1-0"]
[WhiteElo "2326"]
[BlackElo "2148"]
[PlyCount "77"]
[EventDate "2006.03.28"]
[EventType "tourn"]
[EventRounds "9"]
[EventCountry "UKR"]
[SourceTitle "CBM 111 Extra"]
[Source "ChessBase"]
[SourceDate "2006.05.09"]
[SourceVersion "1"]
[SourceVersionDate "2006.05.09"]
[SourceQuality "1"]

1. e4 c5 2. Nf3 e6 3. d4 cxd4 4. Nxd4 a6 5. Bd3 Nf6 6. 0-0 Qc7 7. Nd2 d6 8. a4 e5 9. N4b3 g6 10. a5 Be6 11. c4 Bg7 12. Qe2 Nc6 13. Rd1 Rc8 14. Ra4 0-0 15. Nf1 Nd4 16. Nxd4 exd4 17. b3 Nd7 18. Bb2 Nc5 19. Ra3 Bd7 20. Bb1 Ne6 21. Qd2 Rfe8 22. Ng3 Qc5 23. Ne2 Ng5 24. b4 Qxc4 25. Rc1 Qb5 26. Rxc8 Bxc8 27. Bd3 Qe5 28. Bxd4 Nxe4 29. Qb2 Qf5 30. f3 Bxd4+ 31. Qxd4 Qg5 32. fxe4 Bg4 33. Ra1 Qd2 34. Ng3 h5 35. Nf1 Qf4 36. Ne3 Be6 37. Rf1 Qg5 38. Nd5 Rc8 39. Nf6+ 1-0

[Event "Kharkov Rector Cup (Women) 8th"]
[Site "Kharkov"]
[Date "2006.03.30"]
[Round "3"]
[White "Karlovich, Anastazia"]
[Black "Dvoretska, Olena"]
[Result "1/2-1/2"]
[WhiteElo "2284"]
[BlackElo "2148"]
[PlyCount "50"]
[EventDate "2006.03.28"]
[EventType "tourn"]
[EventRounds "9"]
[EventCountry "UKR"]
[SourceTitle "CBM 111 Extra"]
[Source "ChessBase"]
[SourceDate "2006.05.09"]
[SourceVersion "1"]
[SourceVersionDate "2006.05.09"]
[SourceQuality "1"]

1. e4 c5 2. Nf3 e6 3. c3 d5 4. exd5 Qxd5 5. d4 Nf6 6. Na3 Qd8 7. Nc2 Qc7 8. g3 b6 9. Bg2 Bb7 10. 0-0 Nbd7 11. Re1 Rd8 12. Qe2 Be7 13. Bf4 Qc8 14. c4 Ba6 15. Ng5 Nf8 16. dxc5 Qxc5 17. b3 Ng6 18. Be3 Qc8 19. Nd4 h6 20. Ne4 Bb7 21. Qc2 Ng4 22. Rad1 Nxe3 23. Rxe3 0-0 24. Nb5 a6 25. Nbd6 Bxe4 1/2-1/2

[Event "Kharkov Rector Cup (Women) 8th"]
[Site "Kharkov"]
[Date "2006.03.28"]
[Round "1"]
[White "Voicu Jagodzinsky, Carmen"]
[Black "Dvoretska, Olena"]
[Result "1-0"]
[WhiteElo "2254"]
[BlackElo "2148"]
[PlyCount "71"]
[EventDate "2006.03.28"]
[EventType "tourn"]
[EventRounds "9"]
[EventCountry "UKR"]
[SourceTitle "CBM 111 Extra"]
[Source "ChessBase"]
[SourceDate "2006.05.09"]
[SourceVersion "1"]
[SourceVersionDate "2006.05.09"]
[SourceQuality "1"]

1. e4 c5 2. Nf3 e6 3. d4 cxd4 4. Nxd4 a6 5. Nc3 Qc7 6. Bd3 Nc6 7. Be3 b5 8. Nxc6 Qxc6 9. 0-0 Bb7 10. a3 Nf6 11. Qe2 h5 12. h3 h4 13. Bd4 Be7 14. Rfe1 Kf8 15. a4 b4 16. Nb1 d6 17. Nd2 Nh5 18. Qf3 Bg5 19. Be3 Bxe3 20. Rxe3 e5 21. Bc4 Qd7 22. Bb3 Nf4 23. Nc4 Qc7 24. Rd1 Rd8 25. Rd2 f6 26. Qd1 Ke7 27. c3 Rh6 28. cxb4 Rg6 29. g3 Nxh3+ 30. Kh1 Ng5 31. Rc3 Qb8 32. Ne3 Bc8 33. Qc2 h3 34. Rc7+ Rd7 35. Nf5+ Kf8 36. g4 1-0

[Event "Kharkov Femida (Women)"]
[Site "Kharkov"]
[Date "2005.10.24"]
[Round "9"]
[White "Dvoretska, Olena"]
[Black "Alexanian, Nelli"]
[Result "0-1"]
[WhiteElo "2122"]
[BlackElo "2161"]
[PlyCount "136"]
[EventDate "2005.10.16"]
[EventType "tourn"]
[EventRounds "11"]
[EventCountry "UKR"]
[SourceTitle "EXT 2006"]
[Source "ChessBase"]
[SourceDate "2005.11.24"]
[SourceVersion "1"]
[SourceVersionDate "2005.11.24"]
[SourceQuality "1"]

1. Nf3 Nf6 2. c4 c5 3. Nc3 d5 4. cxd5 Nxd5 5. d4 cxd4 6. Qxd4 Nxc3 7. Qxc3 Nc6 8. e4 e6 9. Bb5 Bd7 10. 0-0 a6 11. Ba4 b5 12. Bb3 b4 13. Qe3 Be7 14. Rd1 0-0 15. e5 Qc7 16. Qe4 Na5 17. Bc2 g6 18. Nd4 Nc4 19. Re1 Rfd8 20. Bb3 Rac8 21. h4 Be8 22. Nf3 Qc6 23. Qf4 a5 24. h5 a4 25. Bxa4 Qxa4 26. b3 Qa6 27. bxc4 Qxc4 28. Qh2 Qg4 29. hxg6 hxg6 30. Qf4 Qxf4 31. Bxf4 Rc2 32. Be3 Ra8 33. Rec1 Rxc1+ 34. Rxc1 Bb5 35. Rc2 Bd3 36. Rb2 Bc4 37. Nd4 Rxa2 38. Rxa2 Bxa2 39. Nc6 Bf8 40. Bd2 b3 41. Bc1 Bc5 42. Bb2 Kf8 43. Kf1 Ke8 44. Ke2 Kd7 45. Na5 Kc7 46. f3 Kb6 47. Nc4+ Kb5 48. Nd2 Ka4 49. Nc4 Bb1 50. Kd2 g5 51. g4 Bg6 52. Nd6 Bb4+ 53. Kc1 Ba3 54. Nc4 Bc5 55. Kd2 Kb5 56. Ne3 Kb4 57. Nd1 Bb6 58. Ne3 Ka4 59. Nd1 Ba5+ 60. Kc1 Bd3 61. Nc3+ Bxc3 62. Bxc3 Ka3 63. Kd2 Bf1 64. Kc1 Ka2 65. f4 gxf4 66. g5 Bd3 67. Kd2 Be4 68. Kc1 f3 0-1

[Event "Kharkov Femida (Women)"]
[Site "Kharkov"]
[Date "2005.10.20"]
[Round "5"]
[White "Vozovic, Oksana"]
[Black "Dvoretska, Olena"]
[Result "1-0"]
[WhiteElo "2327"]
[BlackElo "2122"]
[PlyCount "99"]
[EventDate "2005.10.16"]
[EventType "tourn"]
[EventRounds "11"]
[EventCountry "UKR"]
[SourceTitle "EXT 2006"]
[Source "ChessBase"]
[SourceDate "2005.11.24"]
[SourceVersion "1"]
[SourceVersionDate "2005.11.24"]
[SourceQuality "1"]

1. f4 c5 2. Nf3 Nc6 3. b3 Nf6 4. Bb2 g6 5. g4 Bg7 6. h3 d6 7. Bg2 e5 8. fxe5 dxe5 9. Nc3 0-0 10. e4 Ne8 11. d3 Nd4 12. Qd2 Nxf3+ 13. Bxf3 Qh4+ 14. Qf2 Qxf2+ 15. Kxf2 Nc7 16. a4 Bd7 17. Ke2 Rad8 18. Raf1 Bc6 19. Bc1 b6 20. Be3 Ne6 21. Kd2 a6 22. Nd5 Bxd5 23. exd5 Nd4 24. Bg2 f5 25. Bg5 Rd7 26. Rb1 fxg4 27. Rbf1 Nf3+ 28. Bxf3 gxf3 29. c4 h6 30. Be3 Kh7 31. a5 h5 32. axb6 Bh6 33. Bxh6 Kxh6 34. Ke3 Rf6 35. Rxf3 Rxb6 36. Ke4 Re7 37. h4 Re8 38. Rg1 Rxb3 39. d6 Rb7 40. Rf6 Rg7 41. Kd5 a5 42. Kxc5 a4 43. Kd5 a3 44. c5 a2 45. c6 Ra7 46. Rfxg6+ Kh7 47. d7 Rea8 48. Rg7+ Kh8 49. R7g5 Ra5+ 50. Kd6 1-0

[Event "Kharkov Femida (Women)"]
[Site "Kharkov"]
[Date "2005.10.17"]
[Round "2"]
[White "Dvoretska, Olena"]
[Black "Petrenko, Svetlana"]
[Result "0-1"]
[WhiteElo "2122"]
[BlackElo "2327"]
[PlyCount "68"]
[EventDate "2005.10.16"]
[EventType "tourn"]
[EventRounds "11"]
[EventCountry "UKR"]
[SourceTitle "EXT 2006"]
[Source "ChessBase"]
[SourceDate "2005.11.24"]
[SourceVersion "1"]
[SourceVersionDate "2005.11.24"]
[SourceQuality "1"]

1. d4 Nf6 2. c4 g6 3. Nc3 Bg7 4. e4 d6 5. Nf3 0-0 6. Be2 e5 7. 0-0 Nc6 8. d5 Ne7 9. b4 Ne8 10. Nd2 f5 11. Bf3 Nf6 12. Re1 f4 13. c5 g5 14. h3 Ng6 15. a4 Rf7 16. Ba3 Bf8 17. cxd6 cxd6 18. Rc1 Rg7 19. Bg4 Nxg4 20. hxg4 Nh4 21. Nf1 h5 22. Nh2 Qf6 23. Nb5 Bd7 24. Rc4 a6 25. Nc3 b5 26. Rc7 Qd8 27. Rxd7 Qxd7 28. gxh5 g4 29. g3 fxg3 30. fxg3 Qa7+ 31. Kh1 Qf2 32. Rg1 Nf3 33. Nxf3 gxf3 34. axb5 Rg5 0-1

[Event "UKR-ch sf (Women)"]
[Site "Alushta"]
[Date "2005.05.23"]
[Round "8"]
[White "Dvoretska, Olena"]
[Black "Babiy, Olga"]
[Result "0-1"]
[WhiteElo "2166"]
[BlackElo "2022"]
[PlyCount "74"]
[EventDate "2005.05.16"]
[EventType "swiss"]
[EventRounds "9"]
[EventCountry "UKR"]
[SourceTitle "CBM 106 Extra"]
[Source "ChessBase"]
[SourceDate "2005.07.01"]
[SourceVersion "1"]
[SourceVersionDate "2005.07.01"]
[SourceQuality "1"]

1. d4 d5 2. c4 dxc4 3. e3 Nf6 4. Bxc4 e6 5. Nf3 a6 6. a4 c5 7. 0-0 Nc6 8. Qe2 Be7 9. Rd1 0-0 10. Nc3 Qc7 11. d5 exd5 12. Nxd5 Nxd5 13. Bxd5 Nb4 14. Bc4 Bg4 15. h3 Bh5 16. Bd2 Rad8 17. Bxb4 cxb4 18. Bd5 Rd6 19. e4 Rfd8 20. g4 Bg6 21. Ne5 Rf6 22. Nxg6 Bc5 23. Rd3 Rxf2 24. Qxf2 Bxf2+ 25. Kxf2 hxg6 26. Rf3 Qh2+ 27. Ke3 Qxb2 28. Raf1 Qe5 29. Kf2 Kh7 30. Kg2 f6 31. h4 Rc8 32. h5 Rc2+ 33. R1f2 Rxf2+ 34. Rxf2 gxh5 35. gxh5 Qxh5 36. Bxb7 Qc5 37. Kg3 Qc7+ 0-1

[Event "UKR-ch sf (Women)"]
[Site "Alushta"]
[Date "2005.05.21"]
[Round "6"]
[White "Dvoretska, Olena"]
[Black "Gorbatenko, Kateryna"]
[Result "1/2-1/2"]
[WhiteElo "2166"]
[BlackElo "2040"]
[PlyCount "45"]
[EventDate "2005.05.16"]
[EventType "swiss"]
[EventRounds "9"]
[EventCountry "UKR"]
[SourceTitle "CBM 106 Extra"]
[Source "ChessBase"]
[SourceDate "2005.07.01"]
[SourceVersion "1"]
[SourceVersionDate "2005.07.01"]
[SourceQuality "1"]

1. Nf3 d5 2. d4 Nf6 3. c4 e6 4. Qc2 Be7 5. Bg5 h6 6. Bh4 0-0 7. Nbd2 dxc4 8. Qxc4 b6 9. Rc1 c6 10. e3 Ba6 11. Qc2 Bxf1 12. Nxf1 c5 13. dxc5 bxc5 14. N1d2 Nbd7 15. 0-0 Nh5 16. Bxe7 Qxe7 17. Ne4 Nhf6 18. Nxf6+ Qxf6 19. Nd2 Rfb8 20. b3 a5 21. Nc4 Qe7 22. a4 Rb4 23. Nd2 1/2-1/2

[Event "Kharkov Rector Cup (Women) 7th"]
[Site "Kharkov"]
[Date "2005.04.27"]
[Round "8"]
[White "Alexanian, Nelli"]
[Black "Dvoretska, Olena"]
[Result "1-0"]
[WhiteElo "2211"]
[BlackElo "2166"]
[PlyCount "63"]
[EventDate "2005.04.20"]
[EventType "tourn"]
[EventRounds "11"]
[EventCountry "UKR"]
[SourceTitle "CBM 105 Extra"]
[Source "ChessBase"]
[SourceDate "2005.05.01"]
[SourceVersion "1"]
[SourceVersionDate "2005.05.01"]
[SourceQuality "1"]

1. d4 Nf6 2. c4 g6 3. Nc3 d5 4. cxd5 Nxd5 5. e4 Nxc3 6. bxc3 Bg7 7. Bc4 c5 8. Ne2 0-0 9. 0-0 Nc6 10. Be3 cxd4 11. cxd4 Na5 12. Bd3 b6 13. Rc1 Bb7 14. Qd2 e6 15. Bh6 Qd7 16. Bxg7 Kxg7 17. Qf4 Rfc8 18. h4 Rxc1 19. Rxc1 Rc8 20. Rxc8 Bxc8 21. h5 f6 22. e5 f5 23. Qg5 Qf7 24. h6+ Kg8 25. Qd8+ Qf8 26. Qc7 Bb7 27. Bc4 Nxc4 28. Qxb7 Nd2 29. Nf4 Qxh6 30. Nxe6 g5 31. Qc8+ Kf7 32. Qd7+ 1-0

[Event "Kharkov Rector Cup (Women) 7th"]
[Site "Kharkov"]
[Date "2005.04.25"]
[Round "6"]
[White "Maiko, Julia"]
[Black "Dvoretska, Olena"]
[Result "1/2-1/2"]
[WhiteElo "2211"]
[BlackElo "2166"]
[PlyCount "27"]
[EventDate "2005.04.20"]
[EventType "tourn"]
[EventRounds "11"]
[EventCountry "UKR"]
[SourceTitle "CBM 105 Extra"]
[Source "ChessBase"]
[SourceDate "2005.05.01"]
[SourceVersion "1"]
[SourceVersionDate "2005.05.01"]
[SourceQuality "1"]

1. g3 Nf6 2. Bg2 g6 3. Nf3 d5 4. d4 Bg7 5. 0-0 0-0 6. c3 Nbd7 7. Nbd2 c5 8. dxc5 Nxc5 9. Nb3 Nce4 10. Ng5 Bf5 11. Nd4 Bd7 12. Nxe4 Nxe4 13. Nc2 Ba4 14. Be3 1/2-1/2